母亲角色 (Record no. 13861)

000 -LEADER
fixed length control field 00475nam a22001817a 4500
003 - CONTROL NUMBER IDENTIFIER
control field MPLRDC
005 - DATE AND TIME OF LATEST TRANSACTION
control field 20220104123738.0
008 - FIXED-LENGTH DATA ELEMENTS--GENERAL INFORMATION
fixed length control field 210129b ||||| |||| 00| 0 eng d
082 ## - DEWEY DECIMAL CLASSIFICATION NUMBER
Classification number 528.21 SCH
100 ## - MAIN ENTRY--PERSONAL NAME
Personal name RUDOLPH SCHAFFER
245 ## - TITLE STATEMENT
Title 母亲角色
Statement of responsibility, etc. 张康乐译
250 ## - EDITION STATEMENT
Edition statement 二版
260 ## - PUBLICATION, DISTRIBUTION, ETC.
Place of publication, distribution, etc.
Name of publisher, distributor, etc. 允晨文化实业股份有限
Date of publication, distribution, etc. 1987
300 ## - PHYSICAL DESCRIPTION
Other physical details
490 ## - SERIES STATEMENT
Series statement 允晨新生活丛书. 14
650 ## - SUBJECT ADDED ENTRY--TOPICAL TERM
Topical term or geographic name entry element 子女教育; 亲子教育
942 ## - ADDED ENTRY ELEMENTS (KOHA)
Koha item type Book
-- 528.21 SCH
Holdings
Withdrawn status Lost status Source of classification or shelving scheme Damaged status Not for loan Collection code Home library Current library Shelving location Date acquired Cost, normal purchase price Total Checkouts Full call number Barcode Date last seen Date last checked out Price effective from Koha item type Public note
            Malaysian Public Library, Research and Development Centre Malaysian Public Library, Research and Development Centre   10/12/2007 10.80   528.21 SCH 00013884 17/03/2021 10/12/2007 17/03/2021 Book mplrdc

© 2022. Malaysian Public Library, Research and Development Centre. All Right ReservedE-mailmplrdc@help.edu.my 

Powered by Koha